000 00519nmm a2200193Ia 4500
008 251105s9999||||xx |||||||||||||||||und||
020 _a9788415410812
041 _aspa
100 _aBerlin, Eve
245 0 _aEl límite de la tentación
264 _a[Madrid, España] :
_bTerciopelo,
_c2013
300 _a249 páginas
490 _aTerciopelo
650 _aErotic novel
700 _aBerlin, Eve
700 1 _a Surià, Scheherezade
856 _uhttps://public.digitaliapublishing.com/a/32430
942 _cCF
999 _c62786
_d62786